| 000 | 00538cam a2200193ua 4500 | ||
|---|---|---|---|
| 001 | 2502 | ||
| 005 | 20260515113516.0 | ||
| 008 | 110823n ii |||gr||||Z||||||asm | ||
| 040 | _cMAIN | ||
| 082 | _a398.054162 | ||
| 100 | 1 |
_aRohman, Wakidur, _eAithor., |
|
| 245 | 1 |
_aBidhi sahityat bikash: _basomor jati janagosthir prasangat bislekhanatmak adhyayan / _cby Wakidur Rohman |
|
| 250 | _a1st. | ||
| 260 |
_aDemow: _bP. B. Manch, _c2007. |
||
| 300 |
_a196p: _c23cm. |
||
| 653 | _aFolklore | ||
| 653 | _aBidhi sahityat bikash | ||
| 942 | _cBK | ||
| 999 |
_c2354 _d2354 |
||